000 00638cab a2200217 4500
001 ABS43404
008 090401t1990 xxu||||| |||| 00| 0 eng d
035 _a(Sirsi) u41568
041 _aeng
100 _aMurdoch, S.
245 _aSole agency - the legal principles
260 _c1990
350 _a0
490 _aEstates Gazette
_v(9036) 8 September 1990, 125(1)
520 _aDescribes, with the aid of case law , what is meant by sole agency agreements.
650 _aESTATE AGENCY
650 _aSOLE SELLING RIGHTS
690 _aMANAGEMENT-BUSINESS MANAGEMENT-PROFESSIONAL PRACTICE
942 _n0
948 _c04/03/1997
999 _c26685
_d26685